000 00358pab a2200145 454500
008 180718b1997 xxu||||| |||| 00| 0 eng d
100 _aSharma, K.C.
245 _aCorporate tax policy: issues and options
260 _c1997
300 _ap.417-21
362 _a22-28 Feb
650 _aTaxation
773 _aEconomic and Political Weekly
909 _a33279
999 _c33279
_d33279